Accountancy (Record no. 5413)

MARC details
000 -LEADER
fixed length control field 00481cam a2200205ua 4500
001 - CONTROL NUMBER
control field 6266
005 - DATE AND TIME OF LATEST TRANSACTION
control field 20260515114025.0
008 - FIXED-LENGTH DATA ELEMENTS--GENERAL INFORMATION
fixed length control field 131127n ii |||gr||||Z||||||eng
020 ## - INTERNATIONAL STANDARD BOOK NUMBER
International Standard Book Number 0 273 00836 6
040 ## - CATALOGING SOURCE
Transcribing agency MAIN
082 ## - DEWEY DECIMAL CLASSIFICATION NUMBER
Classification number 657
245 11 - TITLE STATEMENT
Title Accountancy
Statement of responsibility, etc. By William Pickles
250 ## - EDITION STATEMENT
Edition statement 4rth ed.
260 ## - PUBLICATION, DISTRIBUTION, ETC.
Place of publication, distribution, etc. Great britain:
Name of publisher, distributor, etc. ELBS,
Date of publication, distribution, etc. 1976.
300 ## - PHYSICAL DESCRIPTION
Extent viii,723p.
653 ## - INDEX TERM--UNCONTROLLED
Uncontrolled term commerce
653 ## - INDEX TERM--UNCONTROLLED
Uncontrolled term Accountancy
700 1# - ADDED ENTRY--PERSONAL NAME
Personal name Pickles,Williams,
Relator term Author.
942 ## - ADDED ENTRY ELEMENTS (KOHA)
Koha item type Books
Holdings
Withdrawn status Lost status Damaged status Not for loan Home library Current library Shelving location Date acquired Total checkouts Full call number Barcode Date last seen Copy number Price effective from Koha item type
        Naharkatiya College Library Naharkatiya College Library General stacks 09/19/2020   657 | PIC 13797 09/19/2020 1 09/19/2020 Books